Statistics for Top 500 Baby Boy Names in the UK - 1996 - Alphabetical

Click here to take the quiz!

General Stats

  • This quiz has been taken 2,700 times
  • The average score is 229 of 500

Answer Stats

Answer% Correct
369JJac
96%
1JJack
96%
274JJak
96%
46JJohn
95%
239JJon
95%
17HHarry
93%
43AAlex
92%
194AAndre
92%
2DDaniel
91%
445DDanyal
91%
32DDavid
91%
4JJames
91%
23OOliver
90%
34BBen
89%
419BBenn
89%
169MMarc
89%
55MMark
89%
72PPaul
89%
423WWill
89%
33AAaron
88%
14AAlexander
88%
414AAran
88%
292AAron
88%
208AArran
88%
138AArron
88%
332AArun
88%
59PPeter
88%
16AAdam
87%
45EEdward
87%
19GGeorge
87%
58HHenry
87%
445LLuc
87%
12LLuke
87%
22MMichael
87%
3TThomas
87%
191TTomas
87%
257TTomos
87%
44CCharles
86%
25CChristopher
86%
292FFrank
86%
352KKristopher
86%
394MMatt
86%
30RRobert
86%
47SSam
86%
21WWilliam
86%
163AAlan
85%
15BBenjamin
85%
285JJosef
85%
8JJoseph
85%
29AAndrew
83%
115MMathew
83%
6MMatthew
83%
60SStephen
83%
73SSteven
83%
65AAnthony
82%
158AAntony
82%
50JJoe
82%
102TTom
82%
283CCharley
81%
38CCharlie
81%
267JJohnathan
81%
39JJonathan
81%
175JJonathon
81%
27NNathan
81%
103PPhilip
81%
180PPhillip
81%
62RRichard
81%
9SSamuel
81%
435CCai
80%
161KKai
80%
376KKye
80%
251BBrian
79%
472BBryan
79%
319IIain
79%
138IIan
79%
35JJacob
79%
341JJakob
79%
210LLeo
79%
300LLuca
79%
276ZZac
78%
271ZZach
78%
188ZZack
78%
111ZZak
78%
94JJosh
77%
52NNicholas
77%
345NNicolas
77%
261AAlbert
76%
399JJacques
76%
24LLewis
76%
335LLuis
76%
234AArthur
75%
5JJoshua
75%
105LLeon
75%
7RRyan
75%
280EEric
74%
169LLucas
74%
66PPatrick
74%
358JJackson
73%
69JJason
73%
141KKevin
73%
128OOscar
73%
83AAidan
72%
121AAiden
72%
116CCarl
72%
28JJamie
72%
110KKarl
72%
10LLiam
72%
85MMarcus
72%
71BBilly
71%
90CChristian
71%
92EEthan
71%
169KKristian
71%
109MMartin
71%
288MMartyn
71%
49SSean
71%
76SShaun
71%
406SShawn
71%
305SSion
71%
82TTimothy
71%
18JJake
70%
87SSimon
70%
187DDillon
69%
57DDylan
69%
290FFreddie
69%
120FFrederick
69%
354GGreg
69%
265JJeremy
69%
255LLouie
69%
61LLouis
69%
162MMohamed
69%
97MMohammad
69%
36MMohammed
69%
108MMuhammad
69%
196MMuhammed
69%
96ZZachary
69%
218AAlfred
68%
197BBrad
68%
379CConnah
68%
151CConner
68%
13CConnor
68%
63CConor
68%
98DDanny
68%
188FFrancis
68%
147GGary
68%
104IIsaac
68%
369JJai
68%
89JJay
68%
37KKyle
67%
286OOwain
67%
100OOwen
67%
144TTommy
67%
245VVincent
67%
238BBobby
66%
31BBradley
66%
192EEvan
66%
225NNoah
66%
42CCameron
65%
319KKamran
65%
472LLeonard
65%
406NNathanael
65%
125NNathaniel
65%
192AArchie
64%
11JJordan
64%
149JJordon
64%
53BBrandon
63%
319CColin
63%
125GGregory
63%
406VVictor
63%
464AAbraham
62%
204AAdrian
62%
312EElijah
62%
454HHarris
62%
181JJustin
62%
345KKenneth
62%
157AAli
61%
341CCallam
61%
20CCallum
61%
91CCalum
61%
251KKallum
61%
169LLaurence
61%
152LLawrence
61%
300DDamian
60%
288DDamien
60%
86HHarrison
60%
56MMax
60%
243TTheo
60%
119AAlfie
59%
394DDennis
59%
464DDerek
59%
445IIvan
59%
261FFinn
58%
274JJulian
58%
379KKeith
58%
67TTyler
58%
305JJimmy
57%
329EEliot
56%
70EElliot
56%
88EElliott
56%
248FFrankie
56%
341GGraham
56%
319AAnton
55%
325JJayden
55%
376XXavier
55%
441BBarry
54%
123DDarren
54%
80DDean
54%
220HHugh
54%
332HHuw
54%
127MMason
54%
312RRaymond
54%
130RRobbie
54%
402AAshleigh
53%
40AAshley
53%
394HHarold
53%
75JJoel
53%
64LLee
53%
423LLeigh
53%
232NNeil
53%
167TTony
53%
174BBrendan
52%
389BBrendon
52%
176GGabriel
52%
257LLogan
51%
209TTheodore
50%
183CCaleb
49%
113HHarvey
49%
198JJesse
49%
81CCraig
48%
312FFinlay
48%
154MMiles
48%
183MMyles
48%
114SSebastian
48%
121TTaylor
48%
136CCiaran
47%
216HHugo
47%
153KKeiran
47%
312KKeiron
47%
26KKieran
47%
212KKieren
47%
135KKieron
47%
454KKiran
47%
48SScott
47%
77TToby
47%
354AAustin
46%
423EEdwin
46%
41RReece
46%
329RReiss
46%
54RRhys
46%
358SStewart
46%
111SStuart
46%
472BBruce
45%
362KKeir
45%
265SStanley
45%
327AAshton
44%
207BBlake
44%
489CCarlos
44%
101CCorey
44%
140CCory
44%
51DDominic
44%
185GGavin
44%
312JJonah
44%
464CCody
43%
218DDouglas
43%
394MMitchel
43%
79MMitchell
43%
198RRobin
43%
310TTerry
43%
296WWayne
43%
335AAlasdair
42%
195AAlastair
42%
133AAlistair
42%
107EEllis
42%
128GGrant
42%
68RRoss
42%
263AAlec
41%
272EEuan
41%
255EEwan
41%
212IIeuan
41%
464IIwan
41%
200RReuben
41%
352RRonnie
41%
419RRuben
41%
74SShane
41%
427CCole
40%
204DDrew
40%
146RRicky
40%
93RRory
40%
241ZZain
40%
358EEdmund
39%
210FFelix
39%
117GGareth
39%
236KKurt
39%
133MMorgan
39%
427RRalph
39%
399RRoy
39%
303AAntonio
38%
203JJared
38%
481JJarrad
38%
214CCalvin
37%
226DDamon
37%
177HHarley
36%
284JJasper
36%
319MMarco
36%
257RRussell
36%
441SSeth
36%
263BBailey
35%
248CChad
35%
124HHayden
35%
215HHaydn
35%
226WWarren
35%
159BBrett
34%
300CCain
34%
406CCaine
34%
310KKaine
34%
99KKane
34%
200MMaxwell
34%
376TTerence
34%
379AAhmad
33%
164AAhmed
33%
406DDexter
33%
472MMalcolm
33%
204MMaximilian
33%
312MMaximillian
33%
132TTobias
33%
173AAbdul
32%
83DDeclan
32%
345DDevon
32%
427HHoward
32%
165LLevi
32%
305MMilo
32%
188RRowan
32%
345ZZachariah
32%
489AAsher
31%
435EElias
31%
335RRupert
31%
178WWesley
31%
78CCurtis
30%
117DDale
30%
281GGlen
30%
278GGlenn
30%
159KKurtis
30%
419NNico
30%
435BBrodie
29%
106NNiall
29%
181TTroy
29%
233CCasey
28%
220DDuncan
28%
335SSaul
28%
427SSidney
28%
239SSpencer
28%
141TTristan
28%
144AAngus
27%
489BBarney
27%
335DDarryl
27%
257DDaryl
27%
150OOmar
27%
379AAamir
25%
272AAmir
25%
185BBenedict
25%
354CCian
25%
362KKelvin
25%
427RRaphael
25%
165TTravis
25%
374DDarius
24%
365FFabian
24%
168GGuy
24%
155SStefan
24%
303SSteffan
24%
294AAbdullah
23%
269RRonan
23%
406AAston
22%
458BBeau
22%
435BByron
22%
390CClayton
22%
305DDane
22%
481GGerard
22%
230HHamish
22%
234IIbrahim
22%
220PPerry
22%
369SSolomon
22%
251EEmmanuel
21%
136FFraser
21%
279FFrazer
21%
481RRoberto
21%
358AAndreas
20%
374GGeorgie
20%
131LLloyd
20%
454MMicah
20%
245TTyrone
20%
251BBarnaby
19%
489CChandler
19%
472CConrad
19%
243FFergus
19%
230JJerome
19%
237SSonny
19%
202TTodd
19%
414AAjay
18%
369LLeighton
18%
481AAman
17%
325IIsmail
17%
464CCarlton
16%
427GGiles
16%
224JJed
16%
435KKeegan
16%
427EEden
15%
220JJamal
15%
414MMarley
15%
472RRicardo
15%
286YYusuf
15%
450LLaurie
14%
441MMackenzie
14%
351SSimeon
14%
345AAled
13%
489MMalachi
13%
226RRegan
13%
481MMurray
12%
481AAdeel
11%
291AAdil
11%
296BBryn
11%
472CChay
11%
241HHasan
11%
178HHassan
11%
464JJermaine
11%
365PPierce
11%
335PPiers
11%
489SShay
11%
148SSyed
11%
379AAdnan
10%
354AAmar
10%
450AAinsley
9%
281DDion
9%
402SSheldon
9%
489AAbbas
8%
332AArjun
8%
156HHamza
8%
269HHamzah
8%
390KKeenan
8%
216BBilal
7%
296DDafydd
7%
489JJarvis
7%
445MMalik
7%
327MMustafa
7%
341RRohan
7%
226UUmar
7%
379AAkash
6%
406AAkshay
6%
419CCallan
6%
247CCourtney
6%
276IImran
6%
294KKyran
6%
489LLyndon
6%
390TTyrell
6%
435GGeraint
5%
458JJoss
5%
472KKasim
5%
312KKeelan
5%
423KKhalid
5%
143MMacaulay
5%
95MMacauley
5%
394MMccauley
5%
329QQasim
5%
379RRhodri
5%
414SSamir
5%
369AAqib
4%
450AAsad
4%
364AAsim
4%
489AAyrton
4%
390DDewi
4%
350FFaisal
4%
481GGethin
4%
406HHaider
4%
458KKeaton
4%
402RRaja
4%
296RRobson
4%
268UUsman
4%
414AAwais
3%
489FFarhan
3%
365HHaroon
3%
399HHumza
3%
458RRaheem
3%
402RRahul
3%
458RRavi
3%
464CCarwyn
2%
250JJunaid
2%
379KKishan
2%
472MMohsin
2%
379MMontel
2%
489NNadeem
2%
445NNikhil
2%
450RRajan
2%
379SSaif
2%
464SSalman
2%
481SSaqib
2%
454SShah
2%
319SShaquille
2%
427VVishal
2%
441WWaqar
2%
458WWaqas
2%
365KKaran
1%
305SSohail
1%

Score Distribution

Percentile by Number Answered

Percent of People with Each Score

Your Score History

You have not taken this quiz